Top 30 Lil Wayne Songs - Statistics

General Stats
  • This quiz has been taken 8 times
  • The average score is 3 of 30
Answer Stats
# Song Rating % Correct
12. A Milli 92
86%
1. 6 Foot 7 Foot 97
57%
3. Mona Lisa 96
57%
20. Mr. Carter 90
57%
8. Hustler Musik 93
29%
14. Best Rapper Alive 92
14%
7. Let It All Work Out 94
14%
19. Receipt 91
14%
28. Black Republicans 89
0%
17. Blooded 91
0%
5. Cannon (AMG Remix) 95
0%
9. Dedication 2 92
0%
15. D.O.A. 91
0%
16. Dough Is What I Got 91
0%
18. Fly In 91
0%
29. Forever 89
0%
4. Georgia... Bush 96
0%
22. I Can't Feel My Face 90
0%
23. New Cash Money 90
0%
13. Poppin Them Bottles 92
0%
10. President 92
0%
26. Ride 4 My N*ggas 90
0%
2. Run This Town 96
0%
24. Seat Down Low 90
0%
30. Spitter 89
0%
6. Swag Surf 95
0%
11. This What I Call Her 92
0%
25. Throw It in the Bag 90
0%
21. We Takin' Over 90
0%
27. Where da Cash At 90
0%
No matching quizzes found
Score Distribution
Percent of People with Each Score
Percentile by Number Answered
Your Score History
You have not taken this quiz